| 000 | 00839nam a2200253 a 4500 | ||
|---|---|---|---|
| 999 |
_c1935 _d1935 |
||
| 003 | OSt | ||
| 005 | 20190626091319.0 | ||
| 008 | 131029s1995 sz ||||| |||| 00| 0 eng d | ||
| 020 | _a92-4-157176-4 | ||
| 040 | _cBiblioteca Medicina | ||
| 041 | _aeng | ||
| 082 | _aOMS QV 633 | ||
| 110 |
_aOrganizacion Mundial de la Salud _91006 |
||
| 245 | 0 | 0 | _aEnvironmental Health Criteria 176: 1,2-Dichloroethane |
| 250 | _a2° ed. | ||
| 260 |
_aGinebra _bOrganizacion Mundial de la Salud _c1995 |
||
| 300 | _a148 p. | ||
| 440 | 0 | 0 |
_aInternational Programme on Chemical Safety _92782 |
| 500 | _aBaja Depósito Junio 2019- Caja 32 | ||
| 546 | _aTexto en ingles, resumen y conclusion en español | ||
| 653 | _aDICLORUROS DE ETILENO-TOXICIDAD | ||
| 856 | _yhttp://www.who.int/ipcs/publications/ehc/ehc_numerical/en/index.html | ||
| 942 |
_2ddc _cPH |
||